| 000 | 00787nam a2200217 a 4500 | ||
|---|---|---|---|
| 001 | 39882 | ||
| 003 | BD-RjUL | ||
| 005 | 20211209053059.0 | ||
| 008 | 160419b ru a|||| |||| 00| f ben d | ||
| 035 | _a(BD-RjUL) | ||
| 040 |
_aBD-RjUL39996 _bben _cBD-RjUL |
||
| 041 | _aben | ||
| 082 |
_223 _a891.73 _bPUK |
||
| 100 |
_aপুশকিন, আ. স. _9122865 |
||
| 245 | 1 | 0 |
_aক্যাপ্টেনের মেয়ে / _cআ. স. পুশকিন |
| 260 |
_aমস্কো : _bবিদেশী ভাষায় সাহিত্য প্রকাশালয় |
||
| 300 |
_a২০৭ পৃ. : _bচিত্র ; _c২০ সেমি. |
||
| 650 |
_aরাশিয়ান উপন্যাস _9122082 |
||
| 650 |
_aRussian Fiction _9122083 |
||
| 942 |
_2ddc _cBK |
||
| 999 |
_c39882 _d39882 |
||